000 00503nam a2200181Ia 4500
005 20250326125432.0
008 250326s9999 xx 000 0 und d
037 _aTextbook
040 _aFMSL
_beng
_cFMSL
041 _aeng
_2eng
084 _aY33(v6) K9
_qFMSL
100 _aIIPA
245 0 _aAdministration of the Urban Fringe
_cIIPA
260 _aNd
_bNd, Indian Instution Of Public Administration
_c1969
300 _a35p
942 _cTB
_hY33(v6) K9
999 _c1278052
_d1278052